[Event "Bundesliga 8182"]
[Site "Germany"]
[Date "1982.??.??"]
[Round "?"]
[White "Strobel, Walter"]
[Black "Sigurjonsson, Gudmundur"]
[Result "1-0"]
[WhiteElo "2335"]
[BlackElo "2435"]

1.e4 c5 2.Nf3 d6 3.d4 cxd4 4.Nxd4 Nf6 5.Nc3 a6 6.f3 e6 7.Be3 Nc6 8.Qd2 Be7
9.O-O-O Bd7 10.g4 h6 11.h4 b5 12.Kb1 b4 13.Nce2 Ne5 14.Ng3 d5 15.g5 hxg5
16.hxg5 Rxh1 17.gxf6 Rh7 18.fxe7 Qxe7 19.exd5 exd5 20.Ndf5 Bxf5 21.Nxf5 Qd7
22.Bf4 Nc6 23.Bd3 g6 24.Bd6 Nd4 25.Re1+ Ne6 26.Qg5 Qb7 27.Bc5 gxf5 28.Qg8+ Kd7
29.Qxh7 Nxc5 30.Qxf7+ Kc6 31.Qf6+ Kc7 32.Re7+ Nd7 33.Bxf5 Rd8 34.Qe5+ Kc6
35.Qe6+  1-0

[Event "Caorle op"]
[Site "Caorle"]
[Date "1989.??.??"]
[Round "7"]
[White "Portenier, J."]
[Black "Gant, Otilia"]
[Result "1-0"]
[WhiteElo "2230"]
[BlackElo "2205"]

1.e4 c5 2.Nf3 d6 3.d4 cxd4 4.Nxd4 Nf6 5.Nc3 a6 6.f3 e6 7.Be3 b5 8.a3 Bb7
9.Qd2 Nbd7 10.g4 Nb6 11.g5 Nfd7 12.Bd3 Be7 13.f4 Rc8 14.O-O-O Nc4 15.Bxc4 Rxc4
16.f5 e5 17.f6 exd4 18.fxe7 Qxe7 19.Bxd4 Ne5 20.Rhf1 O-O 21.h4 Rfc8 22.Bxe5 dxe5
23.Qd7 R4c7 24.Qxe7 Rxe7 25.Rd6 Rec7 26.Rfd1 Kf8 27.h5 Ke7 28.R1d2 f6 29.gxf6+ gxf6
30.Rb6 Rg8 31.Rdd6 Rg1+ 32.Kd2 Rf1 33.Rd3 Rf2+ 34.Kd1 Rf4 35.Nd5+ Bxd5 36.exd5 Rd7
37.Rxa6 e4 38.Rd4 f5 39.Rh6 Kd8 40.d6 Rg7 41.c3 Rf1+ 42.Ke2 Rf3 43.Rf6 Rg2+
44.Ke1 Rxb2 45.d7 Re3+ 46.Kd1 Rd3+ 47.Rxd3 exd3 48.Rxf5 Rb3 49.Kd2 Kxd7 50.Kxd3 Ke6
51.Rg5 Kf6 52.Rc5 Rxa3 53.Rxb5 Ra7 54.Rb6+ Ke5 55.Rb5+ Kd6 56.Kd4 Kc6 57.Rc5+ Kd6
58.Rg5 Rf7 59.c4 Rf4+ 60.Kc3 Rf7 61.Kb4 Rb7+ 62.Rb5 Rf7 63.Rb6+ Kc7 64.Rh6 Kb7
65.Kb5 Kc8 66.c5 Rb7+ 67.Rb6 Rf7 68.h6 Rc7 69.Rc6  1-0

[Event "CSR-ch U16"]
[Site "Brno"]
[Date "1990.??.??"]
[Round "?"]
[White "Horak, Michal"]
[Black "Belaska, Premysl"]
[Result "0-1"]
[WhiteElo "2250"]
[BlackElo "2320"]

1.e4 c5 2.Nf3 d6 3.d4 cxd4 4.Nxd4 Nf6 5.Nc3 a6 6.f3 e5 7.Nb3 Be6 8.Be3 Be7
9.Qd2 Nbd7 10.g4 Qc7 11.h4 Nb6 12.O-O-O Nc4 13.Bxc4 Bxc4 14.h5 h6 15.Qf2 Nd7
16.Kb1 a5 17.Nd2 Be6 18.Nd5 Bxd5 19.exd5 b5 20.Rhe1 a4 21.Ne4 a3 22.b3 Nf6
23.Bc1 Nxe4 24.Rxe4 O-O 25.Qe2 Qc5 26.Qe3 Qc7 27.Qd3 Rfc8 28.Rg1 Bg5 29.f4 exf4
30.Bxf4 Bxf4 31.Rxf4 Qc3 32.Qxc3 Rxc3 33.g5 hxg5 34.Rxg5 Re8 35.Rf1 Re2 36.Rc1 Rh2
37.h6 g6 38.Rg4 Rd2 39.Rh4 Rxd5 40.h7+ Kh8 41.Re1 Rh5 42.Rxh5 gxh5 43.Rf1 Rg3
44.c4 bxc4 45.bxc4 h4 46.Rf4 h3 47.Rh4 f5  0-1

[Event "Orange op"]
[Site "Orange"]
[Date "1990.??.??"]
[Round "1"]
[White "Gallois, C."]
[Black "Strzelecki, Krzysztof"]
[Result "0-1"]
[WhiteElo "1610"]
[BlackElo "2415"]

1.e4 c5 2.Nf3 d6 3.d4 Nf6 4.Nc3 cxd4 5.Nxd4 a6 6.f3 e6 7.Be3 Be7 8.Be2 O-O
9.Qd2 b5 10.a3 Qc7 11.O-O Bb7 12.Bd3 Nbd7 13.Qf2 Ne5 14.Rac1 Nc4 15.Bxc4 Qxc4
16.Nde2 Rfc8 17.b3 Qc7 18.Rfd1 d5 19.Bb6 Qb8 20.exd5 Bxa3 21.Rb1 Nxd5 22.Nxd5 Bxd5
23.c3 Bd6 24.g3 Bxf3 25.Qxf3 Qxb6+ 26.Kf1 a5 27.Rd3 Rd8 28.Rbd1 Rac8 29.Nd4 Bc5
30.Qe4 h6 31.Ne2 Rxd3 32.Rxd3 Rd8 33.Nd4 b4 34.Ne2 Rxd3 35.Qxd3 Qd6 36.Qxd6 Bxd6
37.c4 Be5 38.Nc1 Kf8 39.Nd3 Bd4 40.Ke2 Ke7 41.Kf3 f5 42.h3 e5 43.Ke2 g5 44.Kd1 e4
45.Nc1 Kd6 46.Ke2 Bb2  0-1

[Event "Katowice op"]
[Site "Katowice"]
[Date "1991.??.??"]
[Round "1"]
[White "Zok, Szymon"]
[Black "Kuczynski, Robert"]
[Result "1/2-1/2"]
[WhiteElo "2205"]
[BlackElo "2465"]

1.e4 c5 2.Nf3 d6 3.d4 cxd4 4.Nxd4 Nf6 5.Nc3 a6 6.f3 e5 7.Nb3 Be6 8.Be3 Nbd7
9.Qd2 Be7 10.g4 b5 11.g5 b4 12.Ne2 Nh5 13.Ng3 Nf4 14.Bxf4 exf4 15.Nh5 Bxb3
16.axb3 g6 17.Nxf4 Ne5 18.Qf2 Bxg5 19.Ng2 Bf6 20.O-O-O Qa5 21.Kb1 O-O 22.Ne3 Rad8
23.h4 h5 24.Be2 Nc6 25.Nd5 Bg7 26.f4 Rfe8 27.Bf3 Qc5 28.Qxc5 dxc5 29.e5 Nd4
30.Be4 a5 31.Rhg1 Rf8 32.Rde1  1/2-1/2

[Event "Athens op"]
[Site "Athens"]
[Date "1993.??.??"]
[Round "2"]
[White "Mihevc, Narcisa"]
[Black "Georgiev, Krum"]
[Result "0-1"]
[WhiteElo "2140"]
[BlackElo "2475"]

1.e4 c5 2.Nf3 d6 3.d4 cxd4 4.Nxd4 Nf6 5.Nc3 a6 6.f3 e6 7.Be3 b5 8.g4 Bb7
9.h4 Nfd7 10.Qd2 Nb6 11.Bd3 N8d7 12.O-O-O Rc8 13.Kb1 Ne5 14.Qg2 Nbc4 15.Bc1 Qb6
16.Bxc4 Nxc4 17.g5 g6 18.h5 Bg7 19.Qg1 Qc5 20.Rh2 Qb4 21.Ka1 Be5 22.hxg6 hxg6
23.Rxh8+ Bxh8 24.Nb1 Qc5 25.c3 b4 26.Qh2 Bg7 27.Nb3 Qb6 28.cxb4 Qxb4 29.Qe2 a5
30.Qe1 Qxe1 31.Rxe1 a4 32.N3d2 Ne5 33.Nc3 Nd3 34.Rh1 a3 35.Ndb1 axb2+ 36.Bxb2 d5
37.exd5 Bxd5 38.Rf1 Ra8 39.a3 Rb8 40.Bc1 Rb3 41.Bd2 Bc4  0-1

[Event "Dresden (Women)"]
[Site "Dresden"]
[Date "1993.??.??"]
[Round "?"]
[White "Daechert, Regina"]
[Black "Baginskaite, Kamile"]
[Result "0-1"]
[WhiteElo "2240"]
[BlackElo "2325"]

1.e4 c5 2.Nf3 d6 3.d4 cxd4 4.Nxd4 Nf6 5.Nc3 a6 6.f3 e5 7.Nb3 Be6 8.Bg5 Nbd7
9.Qd2 Be7 10.Bxf6 Nxf6 11.g4 Nd7 12.Nd5 Bh4+ 13.Kd1 O-O 14.Na5 Bxd5 15.exd5 e4
16.Nc4 exf3 17.Bd3 Nf6 18.Qf4 h6 19.Qxf3 Re8 20.c3 Qe7 21.Kc2 b5 22.Nd2 Qe5
23.Qh3 Bg5 24.Nf3 Qxd5 25.Rhd1 Qc5 26.Nd4 b4 27.c4 d5 28.b3 dxc4 29.Bxc4 Rad8
30.Nf3 Re2+  0-1

[Event "AUT-chT2S 9394"]
[Site "AUT"]
[Date "1994.??.??"]
[Round "?"]
[White "Wallner, Walter"]
[Black "Teuschler, Hugo"]
[Result "1/2-1/2"]
[WhiteElo "2205"]
[BlackElo "2095"]

1.e4 c5 2.Nf3 d6 3.d4 cxd4 4.Nxd4 Nf6 5.Nc3 a6 6.f3 e5 7.Nb3 Be6 8.Be3 Be7
9.Be2 Nbd7 10.O-O O-O  1/2-1/2

[Event "Budapest FS09 IM-A"]
[Site "Budapest"]
[Date "1994.??.??"]
[Round "2"]
[White "Farago, Sandor"]
[Black "Shabtai, Ran"]
[Result "1-0"]
[WhiteElo "2360"]
[BlackElo "2260"]

1.e4 c5 2.Nf3 d6 3.d4 cxd4 4.Nxd4 Nf6 5.Nc3 a6 6.f3 Nc6 7.Be3 d5 8.exd5 Nb4
9.Qd2 Nbxd5 10.Nxd5 Nxd5 11.Bf2 e6 12.O-O-O Bb4 13.c3 Be7 14.h4 b5 15.Nc6 Qc7
16.Nxe7 Qxe7 17.Bd4 O-O 18.f4 Qc7 19.Be5 Qc6 20.Kb1 f6 21.Bd4 Nxf4 22.Qxf4 e5
23.Bxe5 fxe5 24.Qxe5 Bf5+ 25.Ka1 Rad8 26.Rxd8 Rxd8 27.Bc4+ Qxc4 28.Qxf5 Rf8
29.Qb1 Qe2 30.Rg1 Qf2 31.h5 Qf5 32.Qd1 h6 33.a3 Qg5 34.Qe2 Kh8 35.g4 a5 36.c4 Qc5
37.Rc1 Rc8 38.Qe6 bxc4 39.g5 hxg5 40.h6 Qc6 41.hxg7+ Kxg7 42.Qe7+ Kg6 43.Re1 Rc7
44.Re6+ Kh5 45.Qf6 Qd5 46.Rd6 Qg8 47.Qf3+ g4 48.Qh1+  1-0

[Event "Kstovo op"]
[Site "Kstovo"]
[Date "1994.??.??"]
[Round "2"]
[White "Fedorov, Alexei"]
[Black "Neverov, Valeriy"]
[Result "1/2-1/2"]
[WhiteElo "2500"]
[BlackElo "2470"]

1.e4 c5 2.Nf3 d6 3.d4 cxd4 4.Nxd4 Nf6 5.Nc3 a6 6.f3 e6 7.g4 Nc6 8.Be3 Be7
9.Qd2 Nd7 10.O-O-O Nde5 11.g5 Nxd4 12.Qxd4 O-O 13.f4 Ng4 14.Bd2 e5 15.Qg1 exf4
16.h4 Be6 17.Bxf4 Qa5 18.Nd5 Bd8 19.Bc4 Qc5 20.Bb3 Qxg1 21.Rhxg1 Nf2 22.Bxd6 Nxd1
23.Bxf8 Nf2 24.Ba3 Nxe4 25.Re1 Ng3 26.Nf4 Ba5 27.Rxe6 fxe6 28.Nxe6 Kh8 29.Bd5 Re8
30.b4 Bb6 31.Bb2 Re7 32.c4 Bf2 33.a4 Nh5 34.a5 Bxh4 35.Kc2 Bg3 36.Nc5 Bd6
37.Nxb7 Bxb4 38.c5 Nf4 39.Bf3 Ne6 40.c6 Nxg5  1/2-1/2

[Event "St Petersburg op"]
[Site "St Petersburg"]
[Date "1994.??.??"]
[Round "4"]
[White "Fedorov, Alexei"]
[Black "Nepomnishay, Mikhail I"]
[Result "1/2-1/2"]
[WhiteElo "2505"]
[BlackElo "2345"]

1.e4 c5 2.Nf3 d6 3.d4 cxd4 4.Nxd4 Nf6 5.Nc3 a6 6.f3 e6 7.Be3 Nc6 8.g4 h6
9.Qd2 d5 10.exd5 Nxd5 11.Nxd5 Qxd5 12.Nxc6 Qxc6 13.O-O-O Be7 14.Bd3 Qxf3
15.Kb1 Qc6 16.Bd4 O-O 17.Rhg1 Rd8 18.Bc3 e5 19.Bxe5 Be6 20.b3 Rd5 21.Bb2 Rad8
22.Qe1 a5 23.h4 a4 24.g5 axb3 25.axb3 hxg5 26.hxg5 Rxd3 27.Rxd3 Rxd3 28.cxd3 Qb6
29.g6  1/2-1/2

[Event "St Petersburg op2"]
[Site "St Petersburg"]
[Date "1994.??.??"]
[Round "8"]
[White "Fedorov, Alexei"]
[Black "Shipov, Sergei"]
[Result "1-0"]
[WhiteElo "2500"]
[BlackElo "2525"]

1.e4 c5 2.Nf3 d6 3.d4 cxd4 4.Nxd4 Nf6 5.Nc3 a6 6.f3 e6 7.Be3 b5 8.g4 Bb7
9.Qd2 Nbd7 10.O-O-O Nb6 11.g5 Nfd7 12.Qg2 g6 13.h4 b4 14.Nb1 d5 15.h5 Rg8
16.f4 dxe4 17.Nd2 Qc7 18.Qf2 Bg7 19.Bg2 Nc5 20.Kb1 Rc8 21.hxg6 hxg6 22.N2b3 Nca4
23.Bc1 Nc4 24.Rde1 e3 25.Bxe3 Bxg2 26.Qxg2 Naxb2 27.f5 gxf5 28.g6 Na4 29.Rh7 Bxd4
30.Bxd4 Na3+ 31.Ka1 Rxg6 32.Rxe6+ Rxe6 33.Qg8+ Kd7 34.Rxf7+ Re7 35.Rxe7+ Kxe7
36.Qg7+ Ke8 37.Qg8+ Kd7 38.Qg7+ Kc6 39.Qg2+ Kb5 40.Qd5+ Nc5 41.Nxc5 Qc6 42.c4+ bxc3
43.Qb3+ Ka5 44.Bxc3+  1-0

[Event "Barbera del Valles op"]
[Site "Barbera del Valles"]
[Date "1995.??.??"]
[Round "3"]
[White "Korneev, Oleg"]
[Black "Gual Pascual, Antonio"]
[Result "1/2-1/2"]
[WhiteElo "2605"]
[BlackElo "2350"]

1.e4 c5 2.Nf3 d6 3.d4 cxd4 4.Nxd4 Nf6 5.Nc3 a6 6.f3 e5 7.Nb3 Be7 8.Be3 O-O
9.Qd2 Be6 10.O-O-O a5 11.a4 Nc6 12.g4 Nb4 13.g5 Nh5 14.Kb1 Qb8 15.Bb5 Rc8
16.Rc1 Qc7 17.Rhf1 Qd8 18.h4 Kh8 19.Qf2 f5 20.Bb6 Qg8 21.Bxa5 Nc6 22.Bb6 fxe4
23.fxe4 Nf4 24.Nd5  1/2-1/2

[Event "HUN-ch"]
[Site "Budapest"]
[Date "1995.??.??"]
[Round "2"]
[White "Varga, Zoltan"]
[Black "Tolnai, Tibor"]
[Result "1-0"]
[WhiteElo "2460"]
[BlackElo "2470"]

1.e4 c5 2.Nf3 d6 3.d4 cxd4 4.Nxd4 Nf6 5.Nc3 a6 6.f3 e5 7.Nb3 Be6 8.Be3 Nbd7
9.Nd5 Nxd5 10.exd5 Bf5 11.Qd2 Be7 12.Rc1 O-O 13.Na5 Qc7 14.c4 e4 15.f4 Nf6
16.Be2 Ng4 17.Bxg4 Bxg4 18.O-O Bd7 19.b4 b6 20.Nb3 a5 21.b5 Bf6 22.Nd4 Bxd4
23.Qxd4 Rab8 24.f5 f6 25.h4 Rfe8 26.h5 Qd8 27.h6 Qe7 28.hxg7 Qxg7 29.Bf4 Bxf5
30.Bxd6 Rbd8 31.Bh2 Bh3 32.Rc2 e3 33.Re2 Rc8 34.Rf4 Qg6 35.Kh1 Bf5 36.Rxe3 Rxe3
37.Qxe3 Re8 38.Qg3 Kf7 39.Qxg6+ hxg6 40.g4 Re1+ 41.Kg2 Bd7 42.Bg1 Re2+ 43.Kf3 Rxa2
44.Bxb6 a4 45.Bd4 f5 46.gxf5  1-0

[Event "HUN-ch (Women)"]
[Site "Budapest"]
[Date "1995.??.??"]
[Round "6"]
[White "Lakos, Nikoletta"]
[Black "Grabics, Monika"]
[Result "1-0"]
[WhiteElo "2265"]
[BlackElo "2315"]

1.e4 c5 2.Nf3 d6 3.d4 cxd4 4.Nxd4 Nf6 5.Nc3 a6 6.f3 Nc6 7.Be3 e6 8.Qd2 Qc7
9.g4 b5 10.O-O-O Be7 11.Kb1 Rb8 12.h4 Na5 13.Bd3 b4 14.Nce2 Nc4 15.Bxc4 Qxc4
16.g5 Nd7 17.h5 Nb6 18.g6 Bf6 19.Bg5 Na4 20.b3 Nc3+ 21.Nxc3 bxc3 22.Qe3 Be5
23.gxf7+ Kxf7 24.f4 Bxd4 25.Rxd4 Qc5 26.Rd3 Rb5 27.h6 Qxe3 28.Rxe3 Rc5 29.hxg7 Kxg7
30.e5 dxe5 31.fxe5 Bb7 32.Bf6+ Kf7 33.Rh2 Rg8 34.Rxh7+ Ke8 35.a4 Bd5 36.Re7+ Kf8
37.Ra7 Rg1+ 38.Ka2 Rc1 39.Be7+ Ke8 40.Bxc5 Rxc2+ 41.Ka3 Rc1 42.Rh3 Ra1+ 43.Kb4 a5+
44.Kxc3  1-0

[Event "Copenhagen op17"]
[Site "Copenhagen"]
[Date "1995.??.??"]
[Round "6"]
[White "Rewitz, Poul"]
[Black "Pedersen, Steffen"]
[Result "1-0"]
[WhiteElo "2325"]
[BlackElo "2400"]

1.e4 c5 2.Nf3 d6 3.d4 cxd4 4.Nxd4 Nf6 5.Nc3 a6 6.f3 e6 7.Be3 Be7 8.Qd2 b5
9.O-O-O Bb7 10.g4 Nfd7 11.h4 Nc5 12.g5 b4 13.Nce2 d5 14.exd5 Bxd5 15.Nf5 Qa5
16.Nxe7 Kxe7 17.Nf4 Rd8 18.Qd4 Nb7 19.Qxg7 Bxf3 20.Rxd8 Nxd8 21.Ng6+ hxg6
22.Qf6+ Ke8 23.Qxf3 b3 24.cxb3 Qe1+ 25.Kc2 Nbc6 26.Bb5  1-0

[Event "RUS-ch"]
[Site "Elista"]
[Date "1995.??.??"]
[Round "11"]
[White "Korneev, Oleg"]
[Black "Sotnikov, Igor"]
[Result "1-0"]
[WhiteElo "2605"]
[BlackElo "2445"]

1.e4 c5 2.Nf3 d6 3.d4 cxd4 4.Nxd4 Nf6 5.Nc3 a6 6.f3 Qb6 7.Nb3 e6 8.Qe2 Nbd7
9.Be3 Qc7 10.g4 h6 11.a4 b6 12.f4 Bb7 13.Bg2 Be7 14.O-O g5 15.fxg5 hxg5 16.Bxg5 d5
17.e5 Nxe5 18.Bxf6 Nxg4 19.Qxg4 Qxh2+ 20.Kf2 Bxf6 21.Rh1 Bh4+ 22.Kf3 d4+
23.Ne4 Bxe4+ 24.Kxe4 Qc7 25.Kd3 Rc8 26.Nxd4 Qc4+ 27.Ke3 Bf6 28.Rxh8+ Bxh8
29.c3 Qc5 30.Rf1 Qe5+ 31.Kd2 Bg7 32.Re1 Bh6+ 33.Kd1 Qd6 34.Qh5  1-0

[Event "FRA-chT"]
[Site "FRA"]
[Date "1995.??.??"]
[Round "?"]
[White "Sulipa, Aleksandar"]
[Black "David, Alberto"]
[Result "1/2-1/2"]
[WhiteElo "2430"]
[BlackElo "2425"]

1.e4 c5 2.Nf3 d6 3.d4 cxd4 4.Nxd4 Nf6 5.Nc3 a6 6.f3 e6 7.Be3 Be7 8.Qd2 b5
9.g4 Bb7 10.O-O-O Nfd7 11.h4 Nb6 12.Bg5 b4 13.Nb1 d5 14.Bxe7 Qxe7 15.exd5 Bxd5
16.Nf5 exf5 17.Re1 Be6 18.gxf5 O-O 19.fxe6 Nc6 20.Qe3 Qc7 21.Nd2 Rae8 22.Bh3 fxe6
23.Bxe6+ Kh8 24.Qc5 Na4 25.Qc4 Nb6 26.Qc5 Na4 27.Qc4 Nb6  1/2-1/2

[Event "Troll Masters"]
[Site "Gausdal"]
[Date "1995.??.??"]
[Round "1"]
[White "Gullaksen, Eirik T"]
[Black "Tisdall, Jonathan D"]
[Result "1/2-1/2"]
[WhiteElo "2365"]
[BlackElo "2470"]

1.e4 c5 2.Nf3 d6 3.d4 cxd4 4.Nxd4 Nf6 5.f3 a6 6.Nc3 e5 7.Nb3 Be7 8.Be3 O-O
9.Qd2 Be6 10.O-O-O a5 11.Kb1 a4 12.Nc1 Ra5 13.Qf2 Nbd7 14.a3 d5 15.exd5 Nxd5
16.Nxd5 Rxd5 17.Rxd5 Bxd5 18.Bb5 Bc6 19.Bxc6 bxc6 20.Rd1 Qc7 21.Qd2 Nf6 22.Bg5 Rb8
23.Bxf6 Bxf6 24.Nd3 Qe7 25.Nb4 e4 26.Qe2 c5 27.Nd5 Rxb2+ 28.Kc1 Qe5 29.Nxf6+ Qxf6
30.Qa6 Rb8 31.Qxf6 gxf6 32.fxe4 Re8  1/2-1/2

[Event "Wch U16 Girls"]
[Site "Guarapuava"]
[Date "1995.??.??"]
[Round "6"]
[White "Kiss, Fernanda"]
[Black "Vajda, Szidonia"]
[Result "1/2-1/2"]
[WhiteElo "2130"]
[BlackElo "2265"]

1.e4 c5 2.Nf3 d6 3.d4 Nf6 4.Nc3 cxd4 5.Nxd4 a6 6.f3 e5 7.Nb3 Be6 8.Be3 Nbd7
9.Qd2 b5 10.g4 Nb6 11.h4 Nc4 12.Bxc4 bxc4 13.Nc1 d5 14.g5 d4 15.gxf6 Qxf6
16.N1e2 Qxf3 17.O-O-O dxe3 18.Qe1 Be7 19.Nd5 Bxd5 20.exd5 Rd8 21.Rf1 Qg4
22.Rg1 Qxh4 23.Qc3 O-O 24.Qxe5 Bf6 25.Qxe3 Rfe8 26.Qf3 Rd6 27.Ng3 Qg5+ 28.Kb1 Qe5
29.c3 Kf8 30.Ka1 Red8 31.a3 Rxd5 32.Rde1 Qb8 33.Qe4 Rd2 34.Rb1 Qb3 35.Qe3 R2d3
36.Qc5+ Be7 37.Qa5 Qb5 38.Qc7 R3d7 39.Qf4 Bd6 40.Qh4 Bxg3 41.Qxg3 g6 42.Qg5 f5
43.Qh6+ Kg8 44.Rxg6+ Kh8 45.Rxa6 Rd1 46.Qf6+ Kg8 47.Qe6+ Kh8 48.Rb6 Rxb1+
49.Kxb1 Qd5 50.Qxd5 Rxd5 51.Rc6 Kg7 52.a4 f4 53.Rxc4 Rf5 54.Rd4 Kf6 55.b4 f3
56.Rd1 f2 57.Rf1 Ke5 58.a5 Kd5 59.Kb2 Kc6 60.Kc2 Kb5 61.Kd3 Rf3+ 62.Kd4 Rf4+
63.Kd3 Rc4  1/2-1/2

[Event "HUN-chT1"]
[Site "HUN"]
[Date "1995.??.??"]
[Round "?"]
[White "Grabics, Monika"]
[Black "Csonkics, Tunde"]
[Result "0-1"]
[WhiteElo "2315"]
[BlackElo "2280"]

1.e4 c5 2.Nf3 d6 3.d4 cxd4 4.Nxd4 Nf6 5.Nc3 a6 6.f3 e6 7.Be3 b5 8.Qd2 Bb7
9.Bd3 Nbd7 10.O-O b4 11.Na4 d5 12.exd5 Nxd5 13.Bg5 Qa5 14.Qe2 Nc5 15.c4 Qxa4
16.cxd5 Bxd5 17.Nb5 Qa5 18.Bf4 axb5 19.Bxb5+ Nd7 20.Rfd1 Be7 21.Rac1 O-O
22.Bxd7 Qa7+ 23.Kh1 Qxd7 24.Rc7 Qd8 25.b3 Bd6 26.Bxd6 Qxd6 27.Rdc1 g6 28.Qd2 Qa6
29.Qxb4 Qxa2 30.h4 Qxb3 31.Qe7 Qb2 32.R7c2 Qe5 33.Rc7 Qg3 34.Qf6 Ra2 35.R1c2 Ra4
36.Rc1 Rxh4+ 37.Kg1 Qh2+ 38.Kf1 Rf4 39.Qc3 Qh1+ 40.Kf2 Qh4+ 41.Ke3 Qf6 42.Qc5 Qe5+
43.Kf2 Qd4+  0-1

[Event "Konik op"]
[Site "?"]
[Date "1995.??.??"]
[Round "?"]
[White "Lipovsky, T."]
[Black "Stracanek, J."]
[Result "1-0"]
[WhiteElo "2000"]
[BlackElo "1825"]

1.e4 c5 2.Nf3 d6 3.d4 cxd4 4.Nxd4 Nf6 5.Nc3 a6 6.f3 g6 7.Be3 Bg7 8.Qd2 O-O
9.O-O-O b5 10.a3 Qc7 11.g4 Bb7 12.h4 Rc8 13.h5 Nfd7 14.hxg6 fxg6 15.Qh2 Kf7
16.Qf4+ Nf6 17.Rxh7 e5 18.Rxg7+  1-0

[Event "POL-chT"]
[Site "Lubniewice"]
[Date "1995.??.??"]
[Round "5"]
[White "Socko, Bartosz"]
[Black "Pisulinski, Jan"]
[Result "1-0"]
[WhiteElo "2485"]
[BlackElo "2390"]

1.e4 c5 2.Nf3 d6 3.d4 cxd4 4.Nxd4 Nf6 5.Nc3 a6 6.f3 e5 7.Nb3 Be6 8.Be3 Be7
9.Qd2 O-O 10.g4 d5 11.g5 Nxe4 12.Nxe4 dxe4 13.Qxd8 Rxd8 14.fxe4 Nc6 15.c3 f5
16.Nc5 Bxc5 17.Bxc5 fxe4 18.b3 Rd7 19.Rd1 Rxd1+ 20.Kxd1 a5 21.Bb5 Rd8+ 22.Kc2 Rd5
23.Bc4 Rxc5 24.Bxe6+ Kf8 25.Kb2 Ke7 26.Bg8 h6 27.gxh6 gxh6 28.Re1 Kf8 29.Be6 Nd8
30.Bf5 Nf7 31.Bxe4 Nd6 32.Kc2 Ke7 33.Kd3 b5 34.Bg2 Ke6 35.Re3 a4 36.Rh3 h5
37.b4 e4+ 38.Bxe4 Nxe4 39.Kxe4 Re5+ 40.Kd3 Rd5+ 41.Ke2 Rf5 42.Rf3 Rg5 43.Rg3 Rf5
44.h4 Kd5 45.Kd3 a3 46.Rg6 Rf2 47.Rb6 Rxa2 48.Rxb5+ Kc6 49.Rxh5 Rh2 50.Ra5 a2
51.Kc4  1-0

[Event "Manresa op"]
[Site "Manresa"]
[Date "1995.??.??"]
[Round "3"]
[White "Korneev, Oleg"]
[Black "Gual Pascual, Antonio"]
[Result "1-0"]
[WhiteElo "2605"]
[BlackElo "2350"]

1.e4 c5 2.Nf3 d6 3.d4 cxd4 4.Nxd4 Nf6 5.Nc3 a6 6.f3 e5 7.Nb3 Be7 8.Be3 O-O
9.Qd2 Be6 10.O-O-O Nbd7 11.g4 Kh8 12.Rg1 a5 13.a4 Nb6 14.Kb1 Nc4 15.Bxc4 Bxc4
16.g5 Nh5 17.Nd5 Bxd5 18.Qxd5 Qc7 19.Qb5 Ra6 20.Rd3 Rfa8 21.Nc5 Nf4 22.Bxf4 Rc6
23.Qxb7 Qxb7 24.Nxb7 exf4 25.Rd5 g6 26.Rgd1 Rc4 27.Nxd6 Rxa4 28.Nxf7+ Kg7
29.Ne5  1-0

[Event "Minsk"]
[Site "Minsk"]
[Date "1995.??.??"]
[Round "1"]
[White "Fedorov, Alexei"]
[Black "Dydyshko, Viacheslav"]
[Result "1-0"]
[WhiteElo "2495"]
[BlackElo "2495"]

1.e4 c5 2.Nf3 d6 3.d4 cxd4 4.Nxd4 Nf6 5.Nc3 a6 6.f3 e6 7.Be3 b5 8.g4 h6 9.Qd2 Bb7
10.O-O-O Nbd7 11.Bd3 Ne5 12.Rhe1 Qc7 13.Kb1 Be7 14.h4 Nfd7 15.g5 hxg5 16.hxg5 g6
17.f4 b4 18.Nce2 Nc4 19.Bxc4 Qxc4 20.b3 Qc7 21.Qxb4 d5 22.Qa4 dxe4 23.f5 O-O-O
24.fxg6 Nc5 25.Qc4 Bd5 26.Qc3 fxg6 27.Nf4 Bd6 28.Nxd5 exd5 29.Ne2 Rh3 30.Rxd5 Nd3
31.cxd3 Rxe3 32.Qd2 Rxd3 33.Rxd3 exd3 34.Qxd3 Kb7 35.Rc1 Bc5 36.Qe4+ Ka7
37.Nd4 Rc8 38.Ne6 Qd6 39.Nxc5  1-0

[Event "Minsk"]
[Site "Minsk"]
[Date "1995.??.??"]
[Round "3"]
[White "Fedorov, Alexei"]
[Black "Drogoon, A."]
[Result "1-0"]
[WhiteElo "2495"]
[BlackElo "2340"]

1.e4 c5 2.Nf3 d6 3.d4 cxd4 4.Nxd4 Nf6 5.Nc3 a6 6.f3 e6 7.Be3 b5 8.g4 h6 9.Qd2 Bb7
10.O-O-O Nbd7 11.Bd3 Rc8 12.Rhe1 Nb6 13.h4 Nfd7 14.g5 hxg5 15.Bxg5 Be7 16.f4 Nc5
17.Bxe7 Qxe7 18.Nf5 exf5 19.exf5 Ne6 20.fxe6 O-O 21.Bf5 Nc4 22.Qe2 Rc7 23.Qh5 g6
24.Rg1 Qe8 25.exf7+ Rfxf7 26.Qxg6+  1-0

[Event "Nikolaev zt"]
[Site "Nikolaev"]
[Date "1995.??.??"]
[Round "7"]
[White "Fedorov, Alexei"]
[Black "Novikov, Igor A"]
[Result "1-0"]
[WhiteElo "2495"]
[BlackElo "2590"]

1.e4 c5 2.Nf3 d6 3.d4 cxd4 4.Nxd4 Nf6 5.Nc3 a6 6.f3 e6 7.Be3 b5 8.g4 h6 9.Qd2 Nbd7
10.O-O-O Bb7 11.Bd3 Ne5 12.Rhe1 b4 13.Na4 d5 14.exd5 Nxd5 15.f4 Nxg4 16.Nxe6 fxe6
17.Bg6+ Kd7 18.Bd4 Bd6 19.Qe2 Ngf6 20.Nc5+ Bxc5 21.Qxe6+ Kc7 22.Bxc5 Qd7
23.Qe5+ Kc6 24.Bxb4 Qc7 25.Qe6+ Kb5 26.Bd6 Qc8 27.Qe2+ Kc6 28.Ba3 a5 29.Qc4+ Kb6
30.Qd4+ Kc7 31.Re7+ Nd7 32.Bf5 Rd8 33.Qc5+ Kb8 34.Qd6+ Qc7 35.Rxd7 Rxd7 36.Bxd7 Nb4
37.Bxb4 axb4 38.Qf8+ Ka7 39.Qxb4 Rd8 40.Bg4  1-0

[Event "Novgorod op"]
[Site "Novgorod"]
[Date "1995.??.??"]
[Round "4"]
[White "Korneev, Oleg"]
[Black "Pavlov, Aleksandr"]
[Result "1-0"]
[WhiteElo "2540"]
[BlackElo "2250"]

1.e4 c5 2.Nf3 d6 3.d4 cxd4 4.Nxd4 Nf6 5.Nc3 a6 6.f3 b5 7.Be3 e6 8.g4 b4 9.Nce2 e5
10.Nb3 Bb7 11.Ng3 h5 12.gxh5 Nxh5 13.Nxh5 Rxh5 14.Qd2 d5 15.O-O-O d4 16.Bf2 Be7
17.Kb1 Nd7 18.Bd3 g5 19.h4 Qb6 20.Qe2 Rh6 21.hxg5 Bxg5 22.Rxh6 Bxh6 23.Nd2 Qf6
24.Nc4 a5 25.Bg3 Bc6 26.Qh2 Bg7 27.f4 exf4 28.Bxf4 Qe6 29.Nd6+ Kd8 30.Bc4 Qe7
31.Nxf7+ Kc8 32.Qh7 Qf8 33.Bd6 Qe8 34.Qxg7 Qxe4 35.Bg3 Qf3 36.Nd6+ Kc7 37.Rf1 Qg2
38.Ne4+ Kb6 39.Qxd4+ Kb7 40.Nc5+ Nxc5 41.Rf7+  1-0

[Event "Porto San Giorgio op"]
[Site "Porto San Giorgio"]
[Date "1995.??.??"]
[Round "?"]
[White "Sax, Gyula"]
[Black "Mrdja, Milan"]
[Result "1/2-1/2"]
[WhiteElo "2535"]
[BlackElo "2435"]

1.e4 c5 2.Nf3 d6 3.d4 cxd4 4.Nxd4 Nf6 5.Nc3 a6 6.Be3 Ng4 7.Bc1 Nf6 8.f3 e5
9.Nb3 Be6 10.Be3 Be7 11.Qd2 O-O 12.O-O-O Nbd7 13.g4 b5 14.g5 Nh5 15.Kb1 Nb6
16.Na5 Qc7 17.Rg1 Rfd8 18.Nd5 Nxd5 19.exd5 Bd7 20.Bd3 Rf8 21.c4 Nf4 22.Bxf4 exf4
23.Qxf4 Qxa5 24.Qe4 Bf5 25.Qxf5 g6 26.Qd7 Rfe8 27.Rge1 Kf8 28.f4 Rad8 29.Qa7 Ra8
30.Qd7 Rad8 31.Qa7 Ra8 32.Qd4 Kg8 33.Qe4 Kf8 34.Qd4 Kg8 35.Qe3 Kf8 36.c5 Bxg5
37.Qf2 Rxe1 38.Rxe1 Bxf4 39.c6 Qd2 40.Qxd2 Bxd2 41.Re4 Ba5 42.a4 Re8 43.Rh4 Re5
44.axb5 axb5 45.Bxb5 Rxd5 46.Ba6 Ke7 47.Rxh7 Rh5 48.Rxh5 gxh5 49.Bc4 h4 50.h3 f5
51.Kc2 Kd8 52.Kd3 Kc7  1/2-1/2

[Event "ROM-chT"]
[Site "ROM"]
[Date "1995.??.??"]
[Round "?"]
[White "Fedorov, Alexei"]
[Black "Timoshenko, Georgy"]
[Result "1/2-1/2"]
[WhiteElo "2495"]
[BlackElo "2555"]

1.e4 c5 2.Nf3 d6 3.d4 cxd4 4.Nxd4 Nf6 5.Nc3 a6 6.f3 Nc6 7.g4 e5 8.Nf5 Bxf5
9.exf5 d5 10.g5 d4 11.gxf6 dxc3 12.Qxd8+ Rxd8 13.bxc3 gxf6 14.Rb1 Na5 15.Rg1 h5
16.a4 Bc5 17.Rg2 Kd7 18.f4 Rde8 19.Re2 Rhg8 20.fxe5 fxe5 21.Bf4  1/2-1/2

[Event "ARM-ch"]
[Site "Yerevan"]
[Date "1995.??.??"]
[Round "5"]
[White "Minasian, Ara"]
[Black "Petrosian, Arshak B"]
[Result "0-1"]
[WhiteElo "2425"]
[BlackElo "2435"]

1.e4 c5 2.Nf3 d6 3.d4 cxd4 4.Nxd4 Nf6 5.Nc3 a6 6.f3 e5 7.Nb3 Be7 8.Be3 O-O
9.Qd2 Be6 10.O-O-O a5 11.Bb5 Nbd7 12.Qf2 Ne8 13.h4 Nc7 14.a4 Nxb5 15.Nxb5 Qc8
16.Kb1 Qc4 17.Nc3 b5 18.Qf1 Qxf1 19.Rhxf1 bxa4 20.Nxa4 Rfb8 21.Nc1 Ra6 22.h5 Rc6
23.Ne2 Bc4 24.Rf2 Bxe2 25.Rxe2 Rc4  0-1

[Event "EU-ch U20 Girls"]
[Site "Zanka"]
[Date "1995.??.??"]
[Round "11"]
[White "Lakos, Nikoletta"]
[Black "Benderac, Ana"]
[Result "1-0"]
[WhiteElo "2265"]
[BlackElo "2110"]

1.e4 c5 2.Nf3 d6 3.d4 Nf6 4.Nc3 cxd4 5.Nxd4 a6 6.f3 e6 7.Be3 b5 8.Qd2 Bb7
9.g4 Be7 10.O-O-O Qc7 11.h4 Nc6 12.g5 Nd7 13.h5 Nce5 14.Kb1 Nc4 15.Bxc4 Qxc4
16.g6 hxg6 17.hxg6 Rxh1 18.Rxh1 fxg6 19.b3 Qb4 20.Ncxb5 Qxd2 21.Nc7+ Kf7
22.Bxd2 Bf6 23.Nxa8 Bxd4 24.Rh8 Ne5 25.Bb4 Ke7 26.Rb8 Bc6 27.Nb6 Nxf3 28.Nc8+ Kd7
29.Nxd6 a5 30.Ba3 Be5 31.Rf8 Bxd6 32.Bxd6 Bxe4 33.Bg3 Nd4 34.Rf2 Kc6 35.Kb2 g5
36.Be5 Nf5 37.Rf1 g4 38.Rg1 Bf3 39.c4 g6 40.Kc3 Ne3 41.a3 Ng2 42.b4 axb4+
43.axb4 g5 44.Kd4 Nf4 45.Rb1 Ng6 46.b5+ Kb7 47.c5 Ne7 48.Kc4 Bd5+ 49.Kb4 Nf5
50.c6+  1-0